000 00452nam a2200181Ia 4500
008 230711s9999||||xx |||||||||||||| ||und||
020 _a978-81-224-3980-9
041 _aENG
082 _a620
_bRA-C
100 _aRadhakrishnan,P
245 0 _aCAD/CAM/CIM
250 _a4th . . . . Ed.
260 _c2016
_aNew Delhi
_bNew Age International Publishers
300 _a628
650 _aMechanical Engineering
700 _aSubramanyan,S
942 _cBK
999 _c2403
_d2403